| 000 -LEADER |
| fixed length control field |
01271nam a22002177a 4500 |
| 003 - CONTROL NUMBER IDENTIFIER |
| control field |
OSt |
| 005 - DATE AND TIME OF LATEST TRANSACTION |
| control field |
20251003084909.0 |
| 008 - FIXED-LENGTH DATA ELEMENTS--GENERAL INFORMATION |
| fixed length control field |
251003b ||||| |||| 00| 0 eng d |
| 020 ## - INTERNATIONAL STANDARD BOOK NUMBER |
| International Standard Book Number |
9780751584578 |
| 040 ## - CATALOGING SOURCE |
| Transcribing agency |
KH8 |
| 082 ## - DEWEY DECIMAL CLASSIFICATION NUMBER |
| Classification number |
FIC ALB |
| 100 ## - MAIN ENTRY--PERSONAL NAME |
| Personal name |
Albom, Mitch, |
| Relator term |
author. |
| 245 ## - TITLE STATEMENT |
| Title |
The Little Liar / |
| Statement of responsibility, etc. |
Mitch Albom. |
| 260 ## - PUBLICATION, DISTRIBUTION, ETC. |
| Place of publication, distribution, etc. |
US ; |
| Name of publisher, distributor, etc. |
Harper Collins Publisher , |
| Date of publication, distribution, etc. |
2023. |
| 300 ## - PHYSICAL DESCRIPTION |
| Extent |
333 pages : |
| Dimensions |
23 cm. |
| 520 ## - SUMMARY, ETC. |
| Summary, etc. |
When the Nazis invade Salonika, Greece, eleven-year-old Nico Crispi is offered a chance to save his family. He is instructed to convince his fellow Jewish residents to board trains heading towards the east, where they are promised jobs and safety. He dutifully goes to the station platform every day and reassures the passengers that the journey is safe. Only after it is too late does Nico discover that the people he loved would never return.<br/><br/>In The Little Liar, Nico's story is interweaved with other individuals impacted by the occupation: his brother Sebastian, their schoolmate Fanni and the Nazi officer who radically changed their lives. As the decades pass, the consequences of what they endured come to light. |
| 650 ## - SUBJECT ADDED ENTRY--TOPICAL TERM |
| Topical term or geographic name entry element |
Historical |
| Form subdivision |
fiction |
| 650 ## - SUBJECT ADDED ENTRY--TOPICAL TERM |
| Topical term or geographic name entry element |
World War II |
| Form subdivision |
Fiction |
| 650 ## - SUBJECT ADDED ENTRY--TOPICAL TERM |
| Topical term or geographic name entry element |
War |
| Form subdivision |
Fiction |
| 942 ## - ADDED ENTRY ELEMENTS (KOHA) |
| Source of classification or shelving scheme |
|
| Koha item type |
Books - Fiction |